00559nam a2200181Ia 450000100060000000300070000600800410001302000150005404000110006908000070008024500570008724501070014426000110025126000340026226000090029630000150030565300570032014457GE_BSU181216s||||||||xx |||||||||||||| ||und|| a1555532896 cGE_BSU a34 aWelcome to Hell: Letters and Writings from Death Row cComplited and edited by Jan Arriens. Foreword by Sisyter Helen Prejean preface by Clive Stafford Smith aBoston bNortheastern University Press c1997 a255p.23cm. aWelcome to Hell: Letters and Writings from Death Row